|
|
|
|
| LEADER |
00946cam a2200253 i 4500 |
| 001 |
0000150565 |
| 005 |
20260116090000.0 |
| 008 |
260107 20242024my |
| 040 |
|
|
|a KPM
|b eng
|c KPM
|e rda
|
| 090 |
0 |
0 |
|a 671.8
|b NOR
|d TH
|e 2024
|
| 100 |
1 |
|
|a NORHAYATI RAMLI
|e author
|
| 245 |
1 |
0 |
|a DESIGN AND ANALYSIS OF NON-STANDARD AIRCRAFT STRUCTURAL REPAIR IN ROYAL MALAYSIAN AIR FORCE
|c NORHAYATI RAMLI
|
| 264 |
|
1 |
|a Kuala Lumpur :
|b Universiti Teknologi Malaysia,
|c 2024
|
| 300 |
|
|
|a xii, 77 pages :
|b colour illustrations ;
|c 26 cm.
|
| 336 |
|
|
|a text
|2 rdacontent
|
| 337 |
|
|
|a unmediated
|2 rdamedia
|
| 338 |
|
|
|a volume
|2 rdacarrier
|
| 504 |
|
|
|a Includes bibliographical references
|
| 650 |
|
0 |
|a Aircracft Structural Design
|
| 650 |
|
0 |
|a Aircraft Maintenance and repair
|
| 650 |
1 |
0 |
|a Dissertation Academic
|z Malaysia
|
| 650 |
1 |
0 |
|a Thesis
|
| 852 |
1 |
|
|a 01
|
| 999 |
|
|
|a TH0026851
|b KEMENTAH
|d THESIS
|e Thesis
|f Perpustakaan KEMENTAH
|j AVAILABLE
|p 1
|q GOOD CONDITION
|